| 000 | 00684nam a2200289Ia 4500 | ||
|---|---|---|---|
| 005 | 20260324120641.0 | ||
| 008 | 008 260324s9999 xx 000 0 eng d | ||
| 020 | _a9781315632124 | ||
| 037 | _aEBOOK | ||
| 040 | _aCRL | ||
| 040 | _beng | ||
| 040 | _cCRL | ||
| 041 | _2eng | ||
| 041 | _aeng | ||
| 084 | _qCRL | ||
| 100 |
_aWill Kaufman; Ronald D Cohen _91159421 |
||
| 245 | 0 | _aSinging for Peace | |
| 245 | 0 | _bAntiwar Songs in American History | |
| 260 | _bTaylor and Francis | ||
| 260 | _c2015 | ||
| 365 | _a | ||
| 365 | _b290 | ||
| 856 | _uhttp://www.taylorfrancis.com/books/9781315632124 | ||
| 942 | _cEBOOK | ||
| 999 |
_c1751067 _d1751067 |
||